Score 0/24 Timer 03:00
1 Play Today
Hint Answer % Correct
The 40-Year-Old ____Virgin
96.9%
Some ____ It HotLike
96.1%
Monty Python and the Holy ____Grail
95.4%
21 ____ StreetJump
95.4%
Ferris Bueller's Day ____Off
95.4%
There's Something About ____Mary
92.8%
The ____ Horror Picture ShowRocky
92.5%
Meet the ____Parents
91.3%
____ of the BrideFather
89.7%
You ____ Take It with YouCan't
88.9%
Forgetting ____ MarshallSarah
88.1%
This is Spinal ____Tap
87%
Hint Answer % Correct
____ FrankensteinYoung
86.5%
Muppet Treasure ____Island
86.2%
____ DynamiteNapoleon
83.7%
Harold & ____ Go to White CastleKumar
82.9%
____ at Bernie'sWeekend
82.3%
Galaxy ____Quest
80.8%
Bill and Ted's ____ AdventureExcellent
79.9%
____ FuzzHot
79.8%
_____ HouseAnimal
76.7%
What About ____?Bob
68.3%
____ SoupDuck
64.2%
The Life Aquatic with Steve ____Zissou
36.3%

Today's Daily Dose

Remove Ads.
Support Sporcle.
Get the best of Sporcle when you Go Orange. This ad-free experience offers more features, more stats, and more fun while also helping to support Sporcle. Thank you for becoming a member.

You're not logged in!

Compare scores with friends on all Sporcle quizzes.
OR
Log In

Show Comments

Extras

Top Quizzes Today


Score Distribution

Your Account Isn't Verified!

In order to create a playlist on Sporcle, you need to verify the email address you used during registration. Go to your Sporcle Settings to finish the process.

Report this User

Report this user for behavior that violates our Community Guidelines.

Details: